00170nam a2200073Ia 4500008004100000100001400041245003200055260000900087190216s9999||||xx |||||||||||||| ||und|| aNagavalli 0aThiranjedutha Kathakal No-8 bNull